000 00883cam a2200313 4500
001 ABS62174
008 000000n2000 000 0 eng u
035 _a(Sirsi) u105753
245 _aFocus 2000: M4 junctions 10-18
260 _c2000
490 _aEstates Gazette
_v 29 April 2000, 119-141(10)
590 _aABS
650 _aM4 CORRIDOR
650 _aBERKSHIRE
650 _aWILTSHIRE
650 _aREADING
650 _aNEWBURY
650 _aSWINDON
650 _aBATH
650 _aBRACKNELL
650 _aWOKINGHAM
650 _aPROPERTY-COMMERCIAL PROPERTY-RETAIL PROPERTY-RETAIL PROPERTY MARKET
650 _aPROPERTY-COMMERCIAL PROPERTY-OFFICE PROPERTY-OFFICE PROPERTY MARKET
650 _aIT SECTOR
650 _aMOTOR INDUSTRY
650 _aTRANSPORT ISSUES
690 _aPROPERTY-COMMERCIAL PROPERTY-COMMERCIAL PROPERTY MARKET
942 _n0
999 _c63333
_d63333